01332cam a22003135a 4500001000800000005001700008008004100025020001500066020001800081040003300099043001200132082002200144245018400166260004500350300003300395504005100428650004700479650005400526650006100580650004700641650004300688650006100731653002300792700003400815700003200849942000800881999001700889952011200906494596220171128105845.0960822s1997 gw ab b 001 0 eng  a3540615865 a9783540615866 aDLCcDLCdDLCdEG-ScBUEbeng aee-----04222a384.0947bTEL00aTelecommunications and energy in systemic transformation :binternational dynamics, deregulation, and adjustment in network industries /ceditors Paul J.J. Welfens, George Yarrow. aBerlin ;aNew York :bSpringer,cc.1997. axi, 501 p. :bill. ;c24 cm. aIncludes bibliographical references and index. 7aTelecommunicationzEurope, Eastern.2BUEsh 7aTelecommunication policyzEurope, Eastern.2BUEsh 7aTelecommunicationxDeregulationzEurope, Eastern.2BUEsh 7aEnergy industrieszEurope, Eastern.2BUEsh 7aEnergy policyzEurope, Eastern.2BUEsh 7aEnergy industriesxDeregulationzEurope, Eastern.2BUEsh bGGENcNovember20171 aWelfens, Paul J. J.,eeditor.1 aYarrow, George K.,eeditor. 2ddc c25685d25657 00102ddc4070aMAINbMAINc1STd2017-11-28ePurchasel0o384.0947 TELp000042578r2025-07-15 00:00:00yBB